Catch as catch can : the collected stories and other writings (Record no. 406141)

MARC details
000 -LEADER
fixed length control field 00293nam a2200097Ia 4500
082 ## - DEWEY DECIMAL CLASSIFICATION NUMBER
Classification number EF HELL
008 - FIXED-LENGTH DATA ELEMENTS--GENERAL INFORMATION
fixed length control field 210817s9999 xx 000 0 und d
100 ## - MAIN ENTRY--PERSONAL NAME
Personal name HELLER, Joseph London, 2003
9 (RLIN) 69348
245 #0 - TITLE STATEMENT
Title Catch as catch can : the collected stories and other writings
942 ## - ADDED ENTRY ELEMENTS
item type Books

No items available.